000 00548 a2200205 4500
005 20260204150724.0
008 260204b |||||||| |||| 00| 0 eng d
020 _a9789349281530
_cRs. 2050.00
040 _aMAIN
082 _a005.8
_bG749C
100 _aGoyal, Ashish
245 _aCryptography and network security: Principles and practice
260 _bYking Books
_c2025
_aJaipur
300 _avi, 264
650 _aComputer Science
650 _aData Security
650 _aCryptography
650 _aNetwork Security
942 _cBK
999 _c395390
_d395390